Sports Quiz

Random Sports or NFL Quiz

NFL Final Four Quiz Stats

 Plays Quiz not verified by Sporcle

Challenge
Share
Tweet
Embed
Score 0/31 Timer 10:00
0 Plays Today
# of times Team % Correct
16Dallas Cowboys
97.4%
14Pittsburgh Steelers
89.9%
12San Francisco 49ers
82.9%
14Oakland Raiders
82.7%
7Indianapolis Colts
74%
9Minnesota Vikings
73.2%
7New England Patriots
73%
9St. Louis Rams
72.6%
8Denver Broncos
72.3%
6Buffalo Bills
71%
6Green Bay Packers
69.6%
4Chicago Bears
68.6%
6Philadelphia Eagles
68%
1Arizona Cardinals
67.5%
4New York Jets
67%
2New Orleans Saints
66.9%
# of times Team % Correct
4New York Giants
66.6%
7Miami Dolphins
66.3%
6Washington Redskins
65%
4San Diego Chargers
62.9%
2Baltimore Ravens
62.6%
2Cincinnati Bengals
61.8%
2Seattle Seahawks
61.3%
5Tennessee Titans
61.2%
3Tampa Bay Buccaneers
61.2%
1Detroit Lions
60.9%
2Atlanta Falcons
59.9%
3Carolina Panthers
59.6%
3Kansas City Chiefs
59.5%
5Cleveland Browns
59.1%
2Jacksonville Jaguars
57.2%

You're not logged in!

Compare scores with friends on all Sporcle quizzes.
Join for Free
OR
Log In

You Might Also Like...

Show Comments

Extras

Top Quizzes Today


Score Distribution

Your Account Isn't Verified!

In order to create a playlist on Sporcle, you need to verify the email address you used during registration. Go to your Sporcle Settings to finish the process.

Report this User

Report this user for behavior that violates our Community Guidelines.

Details: